College accounting: (Record no. 2206)
[ view plain ]
| 000 -LEADER | |
|---|---|
| fixed length control field | 01105cam a2200349 a 4500 |
| 001 - CONTROL NUMBER | |
| control field | 2206 |
| 003 - CONTROL NUMBER IDENTIFIER | |
| control field | BD-DhEWU |
| 005 - DATE AND TIME OF LATEST TRANSACTION | |
| control field | 20140520203505.0 |
| 008 - FIXED-LENGTH DATA ELEMENTS--GENERAL INFORMATION | |
| fixed length control field | 910515s1992 ilua g 001 0 eng |
| 020 ## - INTERNATIONAL STANDARD BOOK NUMBER | |
| International Standard Book Number | 0256080062 |
| International Standard Book Number | 0256132496 |
| International Standard Book Number | 9780256080063 |
| 035 ## - SYSTEM CONTROL NUMBER | |
| System control number | (OCoLC)23902109 |
| 040 ## - CATALOGING SOURCE | |
| Original cataloging agency | DLC |
| Transcribing agency | DLC |
| Modifying agency | DLC |
| -- | BD-DhEWU |
| Language of cataloging | eng |
| 041 ## - LANGUAGE CODE | |
| Language code of text/sound track or separate title | eng |
| 050 00 - LIBRARY OF CONGRESS CALL NUMBER | |
| Classification number | HF5635 |
| Item number | .K758 1992 |
| 082 00 - DEWEY DECIMAL CLASSIFICATION NUMBER | |
| Classification number | 657.044 |
| Item number | KOC 1992 |
| Edition number | 22 |
| 100 1# - MAIN ENTRY--PERSONAL NAME | |
| Personal name | Koerber, Kenneth A. |
| 9 (RLIN) | 9259 |
| 245 10 - TITLE STATEMENT | |
| Title | College accounting: |
| Number of part/section of a work | Chapters 15-28, with working papers / |
| Statement of responsibility, etc | Kenneth A. Koerber. |
| 250 ## - EDITION STATEMENT | |
| Edition statement | Revised ed. |
| 260 ## - PUBLICATION, DISTRIBUTION, ETC. (IMPRINT) | |
| Place of publication, distribution, etc | Homewood, IL : |
| Name of publisher, distributor, etc | Irwin, |
| Date of publication, distribution, etc | c1992. |
| 300 ## - PHYSICAL DESCRIPTION | |
| Extent | v, (various pagings) : |
| Other physical details | ill. (some col.) ; |
| Dimensions | 28 cm. |
| 440 #0 - SERIES STATEMENT/ADDED ENTRY--TITLE | |
| Title | Irwin introductory accounting series |
| 9 (RLIN) | 9260 |
| 500 ## - GENERAL NOTE | |
| General note | Includes index. |
| 526 ## - STUDY PROGRAM INFORMATION NOTE | |
| Program name | BA |
| 590 ## - LOCAL NOTE (RLIN) | |
| Local note | Abdul Gani |
| 650 #0 - SUBJECT ADDED ENTRY--TOPICAL TERM | |
| Topical term or geographic name as entry element | Accounting. |
| 9 (RLIN) | 9261 |
| Topical term or geographic name as entry element | Business |
| 9 (RLIN) | 9262 |
| 856 ## - ELECTRONIC LOCATION AND ACCESS | |
| Materials specified | WorldCat details |
| Uniform Resource Identifier | http://www.worldcat.org/title/college-accounting-chapters-15-28-with-working-papers/oclc/23902109&referer=brief_results |
| 942 ## - ADDED ENTRY ELEMENTS (KOHA) | |
| Source of classification or shelving scheme | Dewey Decimal Classification |
| Koha item type | Text |
| 953 ## - Fulltext in GSDL | |
| Is Fulltext Available in GSDL? | Not Avaialable |
| Withdrawn status | Lost status | Source of classification or shelving scheme | Damaged status | Not for loan | Collection code | Home library | Current library | Shelving location | Date acquired | Source of acquisition | Cost, normal purchase price | Total Checkouts | Full call number | Barcode | Copy number | Koha item type |
|---|---|---|---|---|---|---|---|---|---|---|---|---|---|---|---|---|
| Dewey Decimal Classification | Not For Loan | Non-fiction | Dr. S. R. Lasker Library, EWU | Dr. S. R. Lasker Library, EWU | Reserve Section | 23/07/1997 | Karim International | 0.00 | 657.044 KOS 1992 | 1469 | C-1 | Text |